Online Catalogue and eLibrary

Pin naveenatuvam elakkium araciyal (Record no. 727)

MARC details
000 -LEADER
fixed length control field 00408nam a2200169Ia 4500
005 - DATE AND TIME OF LATEST TRANSACTION
control field 20250410030532.0
008 - FIXED-LENGTH DATA ELEMENTS--GENERAL INFORMATION
fixed length control field 240331s9999 xx 000 0 und d
082 ## - DDC Classification
Class No. 142
Item Number - Author Mark MAR
100 ## - MAIN ENTRY--PERSONAL NAME
Personal name Marx, A
245 #0 - TITLE STATEMENT
Title Pin naveenatuvam elakkium araciyal
260 ## - PUBLICATION, DISTRIBUTION, ETC.
Place of publication, distribution, etc. Kovai
Name of publisher, distributor, etc. Vidiyal Pathippagam
Date of publication, distribution, etc. 1996
300 ## - PHYSICAL DESCRIPTION
Extent (e.g. Volumes, Pages etc.) 120 p .,
650 ## - SUBJECT ADDED ENTRY--TOPICAL TERM
Topical term or geographic name entry element Post Modernism
650 ## - SUBJECT ADDED ENTRY--TOPICAL TERM
Topical term or geographic name entry element Ilakkiyam
650 ## - SUBJECT ADDED ENTRY--TOPICAL TERM
Topical term or geographic name entry element Political
942 ## - Koha item type (Biblio)
Koha item type Books in Stacks (Lending)
Holdings
Lost status Damaged status Collection code Home library Current library Shelving location Date acquired Full call number Accession Number Item type
    Lending WERC Library WERC Library Social Science Cupboard 03/31/2024 142 MAR 2359 Books in Stacks (Lending)

© WERC Library